| 000 | 00941nac a22002657a 4500 | ||
|---|---|---|---|
| 001 | BR6006280 | ||
| 003 | BR-BrBNA | ||
| 005 | 20240105113145.0 | ||
| 008 | 230509b bl.|||m| |||| 00| 0 por d | ||
| 040 |
_aBR-BrBNA _bpor _cBiblioteca Nacional de Agricultura |
||
| 072 | _aE30; E10 | ||
| 090 | _aE30 BR6006280 | ||
| 110 | 1 |
_aDiretoria Estadual do Ministerio da Agricultura na Paraiba, Joao Pessoa (Brasil) _93435 |
|
| 245 | 1 | _aAtividades desenvolvidas em 1971 [Diretoria Estadual do Ministerio da Agricultura na Paraiba, Brasil] | |
| 260 | 3 |
_aJoao Pessoa, PB (Brasil): _c1971. |
|
| 300 | _a28 p. | ||
| 490 |
_aRelatorio - Diretoria Estadual do Ministerio da Agricultura na Paraiba (Brazil) _v _x |
||
| 650 | _aDESENVOLVIMENTO AGRICOLA | ||
| 650 | _aASSISTENCIA TECNICA | ||
| 650 | _aEXPORTACAO | ||
| 650 | _aINSPECAO SANITARIA | ||
| 650 | _aORCAMENTO | ||
| 909 |
_a202312 _bLúcia Elande _c55 _dLúcia Elande |
||
| 942 |
_2AGRIS _n0 _cMS |
||
| 999 |
_c262207 _d262207 |
||